000 01254nam0a22002891 4500
001 rc\2244885
005 20110829181933.0
035 _a(NLR Aleph) 006651404
090 _a4798096
_c4798096
100 _a20110829d1978 |||y0rusy50 ca
101 0 _arus
102 _aRU
105 _ay z |||||
200 1 _aВременное методическое пособие по расчету рассеивания выбросов древесной пыли на предприятиях лесного хозяйства
_fГос. ком. лес. хоз-ва Совета Министров СССР. Всесоюз. гос. проектно-изыскат. ин-т "Союзгипролесхоз"
210 _aМосква
_cБ. и.
_d1978
215 _a12 с.
_d29
300 _aНа 3-й с. сост.: С.И. Годунова, Н.А. Коротовская
320 _aБиблиогр.: с. 12
702 1 _aКоротовская
_bН. А.
_4220
702 1 _aГодунова
_bС. И.
_4220
712 0 2 _a"Союзгипролесхоз", ин-т
_cМосква
_3RU\NLR\AUTH\8810010568
801 0 _aRU
_bNLR
_gpsbo
801 1 _aRU
_bELAR
_2rusmarc
852 _aNLR
_j78-8/642
899 _aRuMoRGB
_jM 78-13/104
942 _cBOOK
980 _aNB